Name the Mario Character - Statistics

General Stats
  • This quiz has been taken 45 times
  • The average score is 11 of 13
Answer Stats
Hint Answer % Correct
Is the main character Mario
100%
Is the main character's enemy Bowser
97%
Is the main character's brother Luigi
97%
The main character's wife Peach
91%
Wears a mushroom hat Toad
91%
The son of the above Bowser Jr.
83%
Is the princess of Sarasaland Daisy
83%
Why is he called >Donkey< Kong if he's a monkey? Donkey Kong
80%
Is the opposite of the main character Wario
80%
The main character's steed/friend Yoshi
80%
Girl that wears a mushroom hat Toadette
77%
Is the brother of the above Waluigi
74%
Can shoot eggs Birdo
49%
No matching quizzes found
Score Distribution
Percent of People with Each Score
Percentile by Number Answered
Your Score History
You have not taken this quiz